Geçen zaman içinden kendi tanıklığımın izinde / (Kayıt no. 10183)

MARC ayrıntıları
000 -BAŞLIK
Sabit Uzunluktaki Kontrol Alanı 00655nam a22002177a 4500
003 - KONTROL NUMARASI KİMLİĞİ
Kontrol Alanı KOHA_MİRAKIL
005 - EN SON İŞLEM TARİHİ ve ZAMANI
Kontrol Alanı 20260408093255.0
008 - SABİT UZUNLUKTAKİ VERİ ÖGELERİ - GENEL BİLGİ
Sabit Alan 260408b tu ||||| |||| 00| 0 tur d
020 ## - ISBN - ULUSLARARASI STANDART KİTAP NUMARASI
Isbn 9786259306605
040 ## - KATALOGLAMA KAYNAĞI
Özgün Kataloglama Kurumu TR-AnABB
Kataloglama Dili tur
Çeviri Kurumu TR-AnABB
041 ## - DİL KODU
Metin ya da ses kaydının dil kodu tur
082 ## - DEWEY ONU SINIFLAMA SİSTEMİ
Sınıflama Numarası 923.5561
Cutter numarası DIL 2026
100 1# - KİŞİ ADI
Yazar Adı (Kişi adı) Dilek, Muzaffer
245 10 - ESER ADI BİLDİRİMİ
Başlık Geçen zaman içinden kendi tanıklığımın izinde /
Sorumluluk Bildirimi Muzaffer Dilek
246 ## - DEĞİŞİK BAŞLIK FORMU
Başlık uygun / kısa başlık Geçen zaman içinden
260 ## - YAYIN, DAĞITIM, VB.
Yayın Yeri İstanbul ;
Yayınevi Agate yayınevi,
Yayın Tarihi 2026
300 ## - FİZİKSEL TANIMLAMA
Sayfa, Cilt vb. 480 sayfa ;
Boyutları 20 cm
650 04 - KONU BAŞLIĞI EK GİRİŞ - KONU TERİMİ
Konusal terim veya coğrafi ad Biyografi, Kamu Yöneticileri
900 ## - YEREL BİLGİ
Kontrol Can ÇELIK
942 ## - EK GİRİŞ ÖGELERİ (KOHA)
Sınıflama Kaynağı Dewey Decimal Classification
Materyal Türü Kitap
Mevcut
Geri Çekilme Durumu Kayıp Durumu Sınıflandırma Kaynağı Kredi için değil Kalıcı Konum Mevcut Konum Kayıt Tarih Toplam Ödünçverme Yer Numarası Demirbaş Numarası Son Görülme Tarihi Fatura Tarihi Materyal Türü
    Dewey Decimal Classification   Prof. Dr. Ruşen Keleş Kütüphanesi Prof. Dr. Ruşen Keleş Kütüphanesi 08/04/2026   923.5561 DIL 2026 RK7035 08/04/2026 08/04/2026 Kitap